Gérad Depardieu podstúpi Hercovu misiu

Podrobná bibliografia
Hlavný autor: Bernát, Daniel (Autor)
Médium: Článok
Jazyk:slovenčina
Fyzický popis:Fotogr.
ISSN:1335-4050
Predmet:

MARC

LEADER 00000nab a2200000 ar4500
001 vtls010202662
003 SK-MaSNL
005 20260303093759.0
008 110111c20100617xo ||||||||||||00 b|slo
015 |a SNBRB2011/01  |2 snkbucl 
038 |a SNKBUCL 
040 |a SNKBUCL  |b slo  |c SNKBUCL  |e AACR2 
041 0 |a slo 
044 |a xo  |c SK 
080 |a 791.43.071.2  |2 2001 
080 |a 929 Depardieu, Gérad  |2 2001 
100 1 |a Bernát, Daniel  |4 aut  |9 267728 
245 1 0 |a Gérad Depardieu podstúpi Hercovu misiu  |c Daniel Bernát 
300 |b Fotogr. 
600 1 7 |a Depardieu, Gérard,  |d 1948-  |2 snkbucl  |9 117704 
655 7 |a profily  |2 snkbucl  |9 341977 
773 0 |t Pravda  |g Roč. XX, č. 138 (17.6.2010), s. 36-37  |x 1335-4050 
852 |a SNK  |b KIS3GCP 
958 |a BC 
999 |c 1817142  |d 1819072